000 00304nam a2200121 a 4500
008 100917s1963|||| d
245 1 0 _aSám vojak v poli
260 _bVydavateľstvo politickej literatúry
_aBratislava
_c1963
100 1 _aDoľd-Michajlik
020 _c22
044 _aSk
041 _aslo
999 _c10419
_d10419